Statistics for NBA Players Most Loyal Teammate

Click here to take the quiz!

General Stats

  • This quiz has been taken 38 times
  • The average score is 12 of 20

Answer Stats

PlayerTeammateGames% Correct
Michael JordanScottie Pippen859
97%
Shaquille O'NealKobe Bryant580
95%
Larry BirdRobert Parish941
81%
Kevin GarnettPaul Pierce529
78%
Isiah ThomasBill Laimbeer989
73%
Jerry WestElgin Baylor703
73%
Gary PaytonShawn Kemp615
70%
Chris PaulDeAndre Jordan459
68%
Kobe BryantDerek Fisher1037
68%
Dwyane WadeUdonis Haslem834
68%
Bill RussellSam Jones996
65%
Kawhi LeonardDanny Green551
57%
LeBron JamesZydrunas Ilgauskas641
54%
Reggie MillerRik Smits948
51%
Patrick EwingCharles Oakley762
46%
Magic JohnsonMichael Cooper937
46%
Charles BarkleyMaurice Cheeks395
30%
Allen IversonAaron McKie522
24%
Moses MaloneCalvin Murphy471
14%
Wilt ChamberlainGuy Rodgers454
3%

Score Distribution

Percentile by Number Answered

Percent of People with Each Score

Your Score History

You have not taken this quiz